000 00583nam a2200205Ia 4500
005 20250508163231.0
008 008 250505s9999 xx 000 0 hin d
037 _aTextBook
040 _aFEDL
_beng
_cFEDL
041 _ahin
_2eng
084 _a491.430 7, JAS
_qFEDL
100 _aJas Jaswant Singh
_9774965
245 0 _aAadhunik Hindi - shikshan
260 _aJalandhar, India
_bNew Book Company
_c1975
300 _aiv,272p
365 _aINR
_b15
650 _aHindi Language - Teaching
_9769355
942 _cTB
_h491.430 7, JAS
999 _c1381678
_d1381678